000 00605cam a2200229 4500
001 J64388
008 000000n2001 000 0 eng u
035 _a(Sirsi) u112508
050 _a333.337
110 _aInsignia Richard Ellis
_93847
245 _aCentral London office monitor - first - fourth quarter 2001
260 _aLondon
_bInsignia Richard Ellis
_c2001
300 _a4pt. ; 30cm.
650 _aLONDON
650 _aOFFICES
650 _aCITY
650 _aWEST END OF LONDON
650 _aOFFICE SPACE
650 _aRENTS
690 _aPROPERTY-COMMERCIAL PROPERTY
942 _n0
999 _c101438
_d101438